UEFA Champions League winning managers - Statistics

General Stats
  • This quiz has been taken 4,286 times
    3,760 since last reset
  • The average score is 18 of 27
Answer Stats
Season: Club: Manager: % Correct
2018/19 Liverpool Jürgen Klopp
98%
2015/16 Real Madrid Zinedine Zidane
98%
2016/17 Real Madrid Zinedine Zidane
98%
2017/18 Real Madrid Zinedine Zidane
98%
2003/04 Porto José Mourinho
96%
2009/10 Internazionale José Mourinho
96%
2008/09 Barcelona Pep Guardiola
96%
2010/11 Barcelona Pep Guardiola
96%
2002/03 Milan Carlo Ancelotti
93%
2006/07 Milan Carlo Ancelotti
93%
2013/14 Real Madrid Carlo Ancelotti
93%
1998/99 Manchester United Alex Ferguson
89%
2007/08 Manchester United Alex Ferguson
89%
2014/15 Barcelona Luis Enrique
79%
2004/05 Liverpool Rafael Benítez
70%
2011/12 Chelsea Roberto Di Matteo
59%
2005/06 Barcelona Frank Rijkaard
57%
1997/98 Real Madrid Jupp Heynckes
51%
2012/13 Bayern Munich Jupp Heynckes
51%
1999/00 Real Madrid Vicente del Bosque
43%
2001/02 Real Madrid Vicente del Bosque
43%
1994/95 Ajax Louis van Gaal
36%
1993/94 Milan Fabio Capello
33%
1995/96 Juventus Marcello Lippi
28%
1996/97 Borussia Dortmund Ottmar Hitzfeld
23%
2000/01 Bayern Munich Ottmar Hitzfeld
23%
1992/93 Marseille Raymond Goethals
6%
No matching quizzes found
Score Distribution
Percent of People with Each Score
Percentile by Number Answered
Your Score History
You have not taken this quiz since the last reset